| 000 | 00367nam a22001457a 4500 | ||
|---|---|---|---|
| 003 | SGT | ||
| 020 | _a9789388022071 | ||
| 082 |
_a616.0707 _bE18S |
||
| 100 | _aSharma, Swati | ||
| 245 | _aEtiopathogenesis of Vesiculobullous Lesions | ||
| 260 |
_aNEW DELHI _b IP Innovative Publication Pvt. _c2018 |
||
| 300 | _a1-107 | ||
| 650 | _aORAL PATHOLOGY | ||
| 942 |
_2ddc _cBK |
||
| 999 |
_c20168 _d20168 |
||